Decentralisation and local governments : the Indian experience (Record no. 1847952)

MARC details
000 -LEADER
fixed length control field 00510nam a22001697a 4500
005 - DATE AND TIME OF LATEST TRANSACTION
control field 20260401131344.0
008 - FIXED-LENGTH DATA ELEMENTS--GENERAL INFORMATION
fixed length control field 260401b |||||||| |||| 00| 0 eng d
037 ## - SOURCE OF ACQUISITION
Terms of availability DSWL
040 ## - CATALOGING SOURCE
Original cataloging agency DSWL
Transcribing agency DSWL
041 ## - LANGUAGE CODE
Language code of original eng
245 ## - TITLE STATEMENT
Title Decentralisation and local governments : the Indian experience
260 ## - PUBLICATION, DISTRIBUTION, ETC.
Place of publication, distribution, etc. New Delhi,
Name of publisher, distributor, etc. Orient Blackswan,
Date of publication, distribution, etc. 2012
300 ## - PHYSICAL DESCRIPTION
Extent 429p
365 ## - TRADE PRICE
Price type code INR
Price amount 1199
942 ## - ADDED ENTRY ELEMENTS (KOHA)
Source of classification or shelving scheme Colon Classification (CC)
Koha item type Textual
Suppress in OPAC No
Holdings
Withdrawn status Lost status Source of classification or shelving scheme Damaged status Not for loan Home library Current library Date acquired Source of acquisition Cost, normal purchase price Inventory number Total Checkouts Barcode Date last seen Price effective from Koha item type
    Colon Classification (CC)     Department of Social Work Library Department of Social Work Library 2017-03-14 Limpid Book Service 1199.00 850/14.03.17   SW0032265 2026-04-01 2026-04-01 Textual
Copyright @ Delhi University Library System